[Event "220th YMCA Autumn A"]
[Site "Warsaw"]
[Date "2019.10.10"]
[Round "4"]
[White "Moskwinski, Marek"]
[Black "Kasperkiewicz, Pawel"]
[Result "1-0"]
[WhiteElo "1942"]
[BlackElo "1869"]
[PlyCount "55"]
[EventDate "2019.09.20"]
[EventType "tourn"]
[EventRounds "1"]
[EventCountry "POL"]
[SourceDate "2019.09.20"]

1. e4 e5 2. Nf3 Nc6 3. Bb5 Nf6 4. O-O Nxe4 5. Re1 Nd6 6. Nxe5 Be7 7. Bf1 Nxe5
8. Rxe5 O-O 9. d4 Bf6 10. Re1 Nf5 11. c3 d5 12. Bd3 c6 13. Bf4 Ne7 14. Nd2 Bf5
15. Rxe7 Bxd3 16. Rxb7 Qc8 17. Rc7 Qf5 18. Qf3 Rfe8 19. Rxc6 Re7 20. g4 Qg6 21.
Be5 Re6 22. Rxe6 fxe6 23. Bxf6 Rf8 24. Qg3 gxf6 25. Re1 Be4 26. f3 Qg5 27. Nxe4
dxe4 28. fxe4 1-0

[Event "220th YMCA Autumn A"]
[Site "Warsaw"]
[Date "2019.10.11"]
[Round "4"]
[White "Staniak, Mariusz"]
[Black "Kosny, Marek"]
[Result "0-1"]
[WhiteElo "1808"]
[BlackElo "1861"]
[PlyCount "138"]
[EventDate "2019.09.20"]
[EventType "tourn"]
[EventRounds "1"]
[EventCountry "POL"]
[SourceDate "2019.09.20"]

1. e4 Nf6 2. e5 Nd5 3. d4 d6 4. Bc4 Nb6 5. Bb3 dxe5 6. Qh5 e6 7. dxe5 c5 8. Na3
Nc6 9. Nf3 Nd4 10. O-O g6 11. Qg4 Nxf3+ 12. Qxf3 a6 13. Rd1 Qc7 14. Qf6 Rg8 15.
Bg5 Bd7 16. Rd2 h6 17. Be3 Bg7 18. Qh4 Qxe5 19. Rad1 Bf6 20. Qg4 h5 21. Qe2
O-O-O 22. Rd6 Nd5 23. Bxd5 exd5 24. R6xd5 Bb5 25. c4 Rxd5 26. Rxd5 Qxb2 27.
Qxb2 Bxb2 28. Nxb5 axb5 29. Rxc5+ Kb8 30. Rxb5 Bc3 31. c5 Rc8 32. Bf4+ Ka7 33.
Rb3 Ba5 34. Ra3 Ka6 35. Be3 Rc7 36. g3 Kb5 37. Kg2 Bb4 38. Rb3 Kc4 39. Rb1 Bxc5
40. Rc1+ Kd5 41. Rb1 Kc4 42. Rc1+ Kb5 43. Rb1+ Kc6 44. Rc1 b6 45. Rc2 Kb5 46.
Kf3 Rd7 47. Bxc5 bxc5 48. Ke4 c4 49. f4 Kb4 50. f5 c3 51. fxg6 fxg6 52. Ke3 Kc4
53. Rc1 Re7+ 54. Kf4 Kd3 55. Kg5 Re6 56. Rd1+ Ke2 57. Rd4 Rc6 58. Re4+ Kd3 59.
Re1 c2 60. Rf1 Ke2 61. Rg1 Kd2 62. Rg2+ Kc3 63. Rg1 Kb2 64. Rg2 Kb1 65. Rg1+
Kxa2 66. g4 hxg4 67. Kxg4 c1=Q 68. Rxc1 Rxc1 69. Kg5 Rc6 0-1

[Event "220th YMCA Autumn A"]
[Site "Warsaw"]
[Date "2019.10.18"]
[Round "5"]
[White "Kosny, Marek"]
[Black "Poniewierski, Piotr"]
[Result "0-1"]
[WhiteElo "1861"]
[BlackElo "1885"]
[PlyCount "64"]
[EventDate "2019.09.20"]
[EventType "tourn"]
[EventRounds "1"]
[EventCountry "POL"]
[SourceDate "2019.09.20"]

1. Nf3 c5 2. c4 b6 3. g3 Bb7 4. Bg2 g6 5. O-O Bg7 6. Nc3 e6 7. d4 cxd4 8. Nb5
d6 9. Nbxd4 a6 10. Be3 Nf6 11. h3 Nbd7 12. Qd2 Rc8 13. Rac1 Ne4 14. Qb4 O-O 15.
Ng5 Bxd4 16. Nxe4 Bxe3 17. fxe3 Bxe4 18. Bxe4 Qg5 19. Kf2 Rc5 20. Qd2 Nf6 21.
Bf3 Rd8 22. b4 Rf5 23. Qd4 e5 24. Qxb6 Nh5 25. g4 e4 26. Ke1 exf3 27. gxf5 fxe2
28. Rf3 Re8 29. Kxe2 Qg2+ 30. Rf2 Ng3+ 31. Kd3 Qxf2 32. fxg6 Qe2+ 0-1

[Event "220th YMCA Autumn A"]
[Site "Warsaw"]
[Date "2019.10.22"]
[Round "5"]
[White "Kasperkiewicz, Pawel"]
[Black "Staniak, Mariusz"]
[Result "1-0"]
[WhiteElo "1869"]
[BlackElo "1808"]
[PlyCount "121"]
[EventDate "2019.09.20"]
[EventType "tourn"]
[EventRounds "1"]
[EventCountry "POL"]
[SourceDate "2019.09.20"]

1. d4 d5 2. c4 e6 3. Nc3 Nf6 4. Bg5 Nbd7 5. e3 Be7 6. Nf3 O-O 7. cxd5 Nxd5 8.
Bxe7 Qxe7 9. Nxd5 exd5 10. Bd3 Nf6 11. Ne5 Qb4+ 12. Qd2 Qxd2+ 13. Kxd2 Ne4+ 14.
Bxe4 dxe4 15. Rhc1 f6 16. Nc4 Be6 17. Na5 b6 18. Nc6 Rfe8 19. b4 Bd5 20. b5
Bxc6 21. Rxc6 Re7 22. Rac1 a6 23. Rxc7 Rxc7 24. Rxc7 axb5 25. Rc2 Ra3 26. Kc1
Kf7 27. Rb2 Ke7 28. Kb1 Ra5 29. Rc2 Kd6 30. Kb2 h5 31. Kb3 h4 32. f3 f5 33.
fxe4 fxe4 34. Rf2 b4 35. Kxb4 Rg5 36. a4 Kd5 37. Kb5 Rg6 38. Rf5+ Kd6 39. Rf4
Rxg2 40. Rxh4 Rb2+ 41. Kc4 Ra2 42. Rxe4 Rxh2 43. Rg4 Rc2+ 44. Kd3 Ra2 45. Rg6+
Ke7 46. Rxg7+ Kf6 47. Rb7 Rxa4 48. Rxb6+ Ke7 49. Ke4 Kd7 50. Ke5 Ra3 51. e4 Rh3
52. Kd5 Rh5+ 53. e5 Kc7 54. Rc6+ Kd7 55. Rg6 Rh7 56. Ra6 Rh4 57. Ra7+ Kd8 58.
e6 Rg4 59. Ke5 Ke8 60. d5 Kd8 61. d6 1-0

[Event "220th YMCA Autumn A"]
[Site "Warsaw"]
[Date "2019.10.18"]
[Round "5"]
[White "Omar, Mohamed"]
[Black "Liberadzki, Slawomir"]
[Result "1/2-1/2"]
[WhiteElo "1864"]
[BlackElo "1983"]
[PlyCount "57"]
[EventDate "2019.09.20"]
[EventType "tourn"]
[EventRounds "1"]
[EventCountry "POL"]
[SourceDate "2019.09.20"]

1. d4 d5 2. Nf3 Nf6 3. e3 Bf5 4. c4 c6 5. Nc3 e6 6. Be2 Bd6 7. Qb3 Qb6 8. Qxb6
axb6 9. Nh4 Be4 10. Nxe4 Nxe4 11. cxd5 Bb4+ 12. Kf1 exd5 13. Nf5 g6 14. Ng3 f5
15. Nxe4 fxe4 16. f4 exf3 17. gxf3 O-O 18. a3 Nd7 19. Rb1 Bd6 20. Kg2 Rae8 21.
Bd3 Nf6 22. Bd2 Nh5 23. Rbe1 Kg7 24. Rhf1 Rf7 25. Bc2 Ref8 26. Re2 Re8 27. Ree1
Ref8 28. Re2 Re8 29. Ree1 1/2-1/2

[Event "220th YMCA Autumn A"]
[Site "Warsaw"]
[Date "2019.10.18"]
[Round "5"]
[White "Koziol, Pawel"]
[Black "Tychulski, Krzysztof"]
[Result "1-0"]
[WhiteElo "1822"]
[BlackElo "1834"]
[PlyCount "89"]
[EventDate "2019.09.20"]
[EventType "tourn"]
[EventRounds "1"]
[EventCountry "POL"]
[SourceDate "2019.09.20"]

1. Nf3 Nf6 2. g3 d5 3. Bg2 g6 4. b3 Bg7 5. Bb2 O-O 6. O-O c5 7. d3 Nc6 8. Nbd2
Qc7 9. e4 d4 10. a4 e5 11. Nc4 b6 12. Ne1 Ne8 13. f4 f6 14. Bc1 Rb8 15. Bd2 Nd6
16. Nxd6 Qxd6 17. f5 g5 18. Rf2 Bd7 19. Bf1 a6 20. g4 h6 21. h4 b5 22. Nf3 bxa4
23. Rxa4 Nb4 24. Ra1 Rb6 25. Be1 Ra8 26. Nd2 Bb5 27. Rh2 a5 28. hxg5 hxg5 29.
Bg3 Rba6 30. Qc1 a4 31. bxa4 Rxa4 32. Rxa4 Rxa4 33. Nf3 Na2 34. Qb2 Nc3 35. Rh5
Rb4 36. Qa3 Qa6 37. Qxa6 Bxa6 38. Bxe5 fxe5 39. Rxg5 Kf7 40. Rg6 Bb5 41. Ng5+
Ke8 42. Rxg7 Rb1 43. f6 Ne2+ 44. Kf2 Ng3 45. Bg2 1-0

[Event "220th YMCA Autumn A"]
[Site "Warsaw"]
[Date "2019.10.15"]
[Round "5"]
[White "Choroszej, Aleksander"]
[Black "Matyszkiewicz, Wiktor"]
[Result "1-0"]
[WhiteElo "2054"]
[BlackElo "1844"]
[PlyCount "39"]
[EventDate "2019.09.20"]
[EventType "tourn"]
[EventRounds "1"]
[EventCountry "POL"]
[SourceDate "2019.09.20"]

1. d4 Nf6 2. c4 g6 3. Nc3 Bg7 4. e4 d6 5. f4 O-O 6. Nf3 c5 7. d5 e6 8. Be2 exd5
9. cxd5 Re8 10. e5 dxe5 11. fxe5 Ng4 12. e6 fxe6 13. d6 Bd7 14. O-O Qb6 15. Qe1
Qxd6 16. Qh4 Bd4+ 17. Kh1 Ne3 18. Ng5 Re7 19. Nge4 Qe5 20. Bxe3 1-0

[Event "220th YMCA Autumn A"]
[Site "Warsaw"]
[Date "2019.10.17"]
[Round "5"]
[White "Potocki, Karol"]
[Black "Derylo, Kamil"]
[Result "0-1"]
[WhiteElo "1847"]
[BlackElo "2020"]
[PlyCount "116"]
[EventDate "2019.09.20"]
[EventType "tourn"]
[EventRounds "1"]
[EventCountry "POL"]
[SourceDate "2019.09.20"]

1. Nf3 Nf6 2. d4 e6 3. Bf4 c5 4. e3 d5 5. Be2 Nc6 6. O-O Bd6 7. c3 O-O 8. Ne5
Qc7 9. Nxc6 Bxf4 10. Ne7+ Qxe7 11. exf4 b6 12. Qa4 Bd7 13. Qa3 Qd6 14. g3 Ne4
15. f3 Nf6 16. Nd2 Rac8 17. Nb3 Qc6 18. dxc5 bxc5 19. Qxa7 Rc7 20. Qa6 Qxa6 21.
Bxa6 Rb8 22. Be2 c4 23. Nd4 Rxb2 24. Rfb1 Rxb1+ 25. Rxb1 Ra7 26. Rb2 Ra3 27.
Rc2 Kf8 28. Kf2 Ba4 29. Rc1 Rxa2 30. Ke3 Nd7 31. Rb1 Ke7 32. h4 f6 33. Rb7 g6
34. Ra7 Bb3 35. Rb7 Bc2 36. g4 Kd6 37. g5 e5 38. Nb5+ Kc6 39. Rc7+ Kxb5 40.
Rxd7 Kc6 41. Rxh7 exf4+ 42. Kxf4 fxg5+ 43. Ke3 gxh4 44. Rxh4 Bf5 45. Bd1 Kc5
46. f4 Rg2 47. Be2 Rg3+ 48. Kd2 d4 49. cxd4+ Kxd4 50. Rh1 c3+ 51. Kc1 Rg2 52.
Re1 Kc5 53. Bh5 Kb4 54. Be2 Ka3 55. Bc4 Rc2+ 56. Kd1 Kb2 57. Re5 Rc1+ 58. Ke2
c2 0-1

[Event "220th YMCA Autumn A"]
[Site "Warsaw"]
[Date "2019.10.25"]
[Round "6"]
[White "Poniewierski, Piotr"]
[Black "Derylo, Kamil"]
[Result "0-1"]
[WhiteElo "1885"]
[BlackElo "2020"]
[PlyCount "60"]
[EventDate "2019.09.20"]
[EventType "tourn"]
[EventRounds "1"]
[EventCountry "POL"]
[SourceDate "2019.09.20"]

1. Nf3 Nf6 2. c4 e6 3. g3 d5 4. d4 dxc4 5. Qa4+ Nbd7 6. Bg2 Be7 7. Nc3 O-O 8.
Qxc4 a6 9. O-O b5 10. Qd3 Bb7 11. Ne5 Bxg2 12. Kxg2 Nxe5 13. dxe5 Qxd3 14. exd3
Nd7 15. d4 c5 16. Be3 c4 17. Rad1 Rfd8 18. d5 Nxe5 19. Bb6 Rd7 20. dxe6 fxe6
21. Rfe1 Rxd1 22. Nxd1 Bf6 23. Bd4 Nd3 24. Re4 e5 25. Be3 Rd8 26. b3 Ne1+ 27.
Kf1 Rxd1 28. Ke2 Ra1 29. bxc4 Nc2 30. cxb5 axb5 0-1

[Event "220th YMCA Autumn A"]
[Site "Warsaw"]
[Date "2019.10.24"]
[Round "6"]
[White "Matyszkiewicz, Wiktor"]
[Black "Potocki, Karol"]
[Result "1-0"]
[WhiteElo "1844"]
[BlackElo "1847"]
[PlyCount "95"]
[EventDate "2019.09.20"]
[EventType "tourn"]
[EventRounds "1"]
[EventCountry "POL"]
[SourceDate "2019.09.20"]

1. e4 e5 2. Nf3 Nc6 3. Bb5 a6 4. Ba4 Nf6 5. O-O Be7 6. Re1 b5 7. Bb3 d6 8. c3
O-O 9. d3 Bg4 10. Nbd2 Na5 11. Bc2 c5 12. h3 Bh5 13. Nf1 Nc6 14. Ng3 Bg6 15. a4
Qc7 16. Nh4 Rfe8 17. Bg5 h6 18. Bd2 Bh7 19. Nhf5 Bf8 20. Qf3 Bxf5 21. Nxf5 Nh7
22. Bb3 c4 23. Bc2 cxd3 24. Bb3 bxa4 25. Rxa4 Rab8 26. Bd5 Rxb2 27. Rd1 Ng5 28.
Bxg5 hxg5 29. Rxa6 Nb8 30. Nxd6 Bxd6 31. Rxd6 Rf8 32. Qxd3 Kh7 33. Bc4 Qc5 34.
Rf1 f6 35. Rd5 Qc7 36. Bb5 Rc8 37. c4 Qa7 38. Qf3 Qc7 39. Qa3 Re2 40. Qf3 Rc2
41. Qb3 Re2 42. c5 Qb7 43. Qd3 Rb2 44. Bd7 Nxd7 45. Rxd7 Qb4 46. Qf3 Qxc5 47.
Qh5+ Kg8 48. Qf7+ 1-0

[Event "220th YMCA Autumn A"]
[Site "Warsaw"]
[Date "2019.10.25"]
[Round "6"]
[White "Liberadzki, Slawomir"]
[Black "Koziol, Pawel"]
[Result "1-0"]
[WhiteElo "1983"]
[BlackElo "1822"]
[PlyCount "87"]
[EventDate "2019.09.20"]
[EventType "tourn"]
[EventRounds "1"]
[EventCountry "POL"]
[SourceDate "2019.09.20"]

1. e4 d6 2. d4 Nf6 3. Bd3 e5 4. c3 c6 5. Ne2 Nbd7 6. O-O Be7 7. f4 O-O 8. Na3
Re8 9. Ng3 Bf8 10. h3 b5 11. Nc2 Bb7 12. Qf3 exd4 13. Nxd4 a6 14. Ndf5 g6 15.
Ne3 c5 16. Ng4 Nxg4 17. hxg4 Qc7 18. Bd2 c4 $11 19. Bc2 Rad8 20. Be3 d5 21. Bd4
dxe4 22. Bxe4 Nc5 23. Bxb7 Qxb7 24. Qxb7 Nxb7 25. b4 Bxb4 26. Rfe1 Bc5 27. Ne4
Bxd4+ 28. cxd4 Kg7 29. Rad1 Nd6 30. Nc5 a5 31. Re5 c3 32. Kf2 Nc4 33. Rxe8 Rxe8
34. d5 Nd6 35. Kf3 Kf8 36. Nd7+ Ke7 37. Ne5 Ra8 38. Ke3 b4 39. Kd3 f5 40. gxf5
Nxf5 41. g4 Nd6 42. Rh1 a4 $11 43. Rxh7+ Kf6 44. Nd7# 1-0

[Event "220th YMCA Autumn A"]
[Site "Warsaw"]
[Date "2019.10.25"]
[Round "6"]
[White "Moskwinski, Marek"]
[Black "Omar, Mohamed"]
[Result "1-0"]
[WhiteElo "1942"]
[BlackElo "1864"]
[PlyCount "63"]
[EventDate "2019.09.20"]
[EventType "tourn"]
[EventRounds "1"]
[EventCountry "POL"]
[SourceDate "2019.09.20"]

1. e4 b6 2. d4 Bb7 3. Nc3 g6 4. Be3 Bg7 5. Qd2 d6 6. O-O-O Nd7 7. Bb5 e6 8. f3
h6 9. Nge2 Ne7 10. g4 c6 11. Bd3 Qc7 12. Kb1 O-O-O 13. Rc1 Kb8 14. Bf2 a6 15.
Nd1 Ka7 16. h4 e5 17. c3 Rhf8 18. Ne3 c5 19. d5 b5 20. b4 Ka8 21. c4 Qb6 22. a3
Rc8 23. cxb5 axb5 24. Nc3 Ba6 25. a4 bxa4 26. b5 a3 27. Nc4 Qb8 28. Qa2 Bxb5
29. Nxb5 Qxb5+ 30. Ka1 Rc7 31. Rc3 Ra7 32. Rb1 1-0

[Event "220th YMCA Autumn A"]
[Site "Warsaw"]
[Date "2019.10.25"]
[Round "6"]
[White "Staniak, Mariusz"]
[Black "Safanowski, Tomasz"]
[Result "1-0"]
[WhiteElo "1808"]
[BlackElo "1841"]
[PlyCount "50"]
[EventDate "2019.09.20"]
[EventType "tourn"]
[EventRounds "1"]
[EventCountry "POL"]
[SourceDate "2019.09.20"]

1. e4 e6 2. d4 d5 3. Nd2 Nf6 4. e5 Nfd7 5. Bd3 b6 6. Ne2 c5 7. c3 Nc6 8. Nf3
cxd4 9. cxd4 Nb4 10. Bb1 Ba6 11. O-O Rc8 12. a3 Nc6 13. Re1 Na5 14. Nc3 b5 15.
Nxd5 exd5 16. e6 fxe6 17. Rxe6+ Be7 18. Ng5 Nf6 19. Bxh7 Rxh7 20. Nxh7 Rc6 21.
Nxf6+ gxf6 22. Qh5+ Kd7 23. Qxd5+ Kc7 24. Bf4+ Kb7 25. Qe4 Bf8 1-0

[Event "220th YMCA Autumn A"]
[Site "Warsaw"]
[Date "2019.09.27"]
[Round "6"]
[White "Kosny, Marek"]
[Black "Kasperkiewicz, Pawel"]
[Result "1-0"]
[WhiteElo "1861"]
[BlackElo "1869"]
[PlyCount "95"]
[EventDate "2019.09.20"]
[EventType "tourn"]
[EventRounds "1"]
[EventCountry "POL"]
[SourceDate "2019.09.20"]

1. Nf3 Nf6 2. c4 c5 3. Nc3 g6 4. g3 b6 5. Bg2 Bb7 6. d4 cxd4 7. Qxd4 Nc6 8. Qh4
h6 9. O-O Bg7 10. Nd5 e6 11. Nxf6+ Qxf6 12. Rb1 Qxh4 13. Nxh4 O-O-O 14. Rd1 Nd4
15. Bxb7+ Kxb7 16. Kf1 d5 17. cxd5 Rxd5 18. e3 Nc6 19. Rxd5 exd5 20. Ng2 g5 21.
b3 Rc8 22. h4 Nd8 23. hxg5 hxg5 24. e4 dxe4 25. Bxg5 Ne6 26. Be3 Rc2 27. a4 Nc5
28. Nh4 Nd3 29. Nf5 Be5 30. Nd4 Ra2 31. g4 Bxd4 32. Bxd4 Kc6 33. Ra1 Rc2 34. a5
Rc1+ 35. Rxc1+ Nxc1 36. axb6 axb6 37. b4 b5 38. Bc3 Kd5 39. Bd2 Nd3 40. Ke2 Ne5
41. g5 Nf3 42. Bc1 Nd4+ 43. Ke3 Nf5+ 44. Kf4 Nd4 45. Be3 Nc6 46. Bc5 Nd8 47.
Kf5 Ne6 48. Be7 1-0

[Event "220th YMCA Autumn A"]
[Site "Warsaw"]
[Date "2019.10.31"]
[Round "7"]
[White "Kasperkiewicz, Pawel"]
[Black "Poniewierski, Piotr"]
[Result "1/2-1/2"]
[WhiteElo "1869"]
[BlackElo "1885"]
[PlyCount "120"]
[EventDate "2019.09.20"]
[EventType "tourn"]
[EventRounds "1"]
[EventCountry "POL"]
[SourceDate "2019.09.20"]

1. e4 c5 2. Nf3 e6 3. d4 cxd4 4. Nxd4 a6 5. Bd3 Nf6 6. c4 Qc7 7. Nc3 g6 8. Qe2
d6 9. O-O Bg7 10. Nf3 O-O 11. h3 Nbd7 12. Bf4 Ne5 13. Nxe5 dxe5 14. Be3 Nh5 15.
g3 Bd7 16. Rac1 Bc6 17. b4 b6 18. Nd5 exd5 19. cxd5 Qd7 20. dxc6 Qxh3 21. Rfe1
b5 22. Qf3 Qe6 23. Bf1 Rfc8 24. a4 bxa4 25. Bc4 Qf6 26. Qg4 Rxc6 27. Bxf7+ Kh8
28. Rxc6 Qxc6 29. Bd5 Qc8 30. Qe2 Rb8 31. Rc1 Qh3 32. Ba7 Rf8 33. Bc5 Rf6 34.
Rd1 Bf8 35. Bc4 Bxc5 36. bxc5 Qc8 37. Qe3 Rc6 38. Rd5 Qc7 39. Qh6 Ng7 40. Qg5
Re6 41. Qd8+ Qxd8 42. Rxd8+ Re8 43. Rd6 Ra8 44. Bd5 Rc8 45. Rxa6 Ne8 46. Rxa4
Kg7 47. Ra7+ Kf6 48. f4 exf4 49. gxf4 g5 50. fxg5+ Kxg5 51. c6 h5 52. Kf2 h4
53. Rf7 Nf6 54. Kf3 Kg6 55. Re7 h3 56. Bf7+ Kg5 57. Be6 h2 58. Kg2 Rxc6 59.
Kxh2 Nxe4 60. Bh3 Rc2+ 1/2-1/2

[Event "220th YMCA Autumn A"]
[Site "Warsaw"]
[Date "2019.10.16"]
[Round "7"]
[White "Safanowski, Tomasz"]
[Black "Kosny, Marek"]
[Result "1/2-1/2"]
[WhiteElo "1841"]
[BlackElo "1861"]
[PlyCount "77"]
[EventDate "2019.09.20"]
[EventType "tourn"]
[EventRounds "1"]
[EventCountry "POL"]
[SourceDate "2019.09.20"]

1. d4 d5 2. c4 e6 3. Nc3 Nf6 4. Nf3 Nbd7 5. Bg5 Be7 6. e3 O-O 7. Bd3 a6 8. O-O
dxc4 9. Bxc4 b5 10. Bb3 Bb7 11. Qe2 Rc8 12. Rad1 c5 13. dxc5 Rxc5 14. e4 Re8
15. e5 Bxf3 16. Qxf3 Nxe5 17. Qg3 Nfd7 18. Ne4 Rc6 19. Bh6 Ng6 20. h4 Qc7 21.
Bxg7 Kxg7 22. h5 Qxg3 23. Nxg3 Nb6 24. hxg6 hxg6 25. Ne4 a5 26. Rd3 f5 27. Nc3
b4 28. Na4 Kf6 29. Rfd1 Nc4 30. Rd7 Ne5 31. Ra7 Rec8 32. f3 Rc1 33. Rxc1 Rxc1+
34. Kf2 Bc5+ 35. Nxc5 Rxc5 36. Ra6 Nc6 37. Ke3 Ke5 38. f4+ Kd6 39. Ba4 $11
1/2-1/2

[Event "220th YMCA Autumn A"]
[Site "Warsaw"]
[Date "2019.11.13"]
[Round "7"]
[White "Omar, Mohamed"]
[Black "Staniak, Mariusz"]
[Result "1-0"]
[WhiteElo "1864"]
[BlackElo "1808"]
[PlyCount "45"]
[EventDate "2019.09.20"]
[EventType "tourn"]
[EventRounds "1"]
[EventCountry "POL"]
[SourceDate "2019.09.20"]

1. e4 e5 2. d4 exd4 3. c3 d5 4. Qxd4 dxe4 5. Qxe4+ Qe7 6. Qxe7+ Bxe7 7. Bf4 c6
8. Bc4 Nf6 9. Nf3 O-O 10. O-O Nbd7 11. Nbd2 Nb6 12. Bb3 Nbd5 13. Bg5 h6 14. Bh4
Bf5 15. Nd4 Bg6 16. N2f3 Bd6 17. Bg3 Bxg3 18. hxg3 Rfe8 19. Rfe1 a5 20. a3 Rad8
21. Ne5 Kf8 22. Nxg6+ fxg6 23. Ne6+ 1-0

[Event "220th YMCA Autumn A"]
[Site "Warsaw"]
[Date "2019.11.01"]
[Round "7"]
[White "Koziol, Pawel"]
[Black "Moskwinski, Marek"]
[Result "1-0"]
[WhiteElo "1822"]
[BlackElo "1942"]
[PlyCount "152"]
[EventDate "2019.09.20"]
[EventType "tourn"]
[EventRounds "1"]
[EventCountry "POL"]
[SourceDate "2019.09.20"]

1. d4 Nf6 2. c4 e6 3. Nc3 Bb4 4. e3 O-O 5. Nge2 d5 6. a3 Be7 7. cxd5 exd5 8.
Nf4 c6 9. Bd3 Bd6 10. O-O Re8 11. b4 Nbd7 12. h3 a6 13. Bd2 Nb6 14. Qf3 Qe7 15.
Rfb1 Ne4 16. Be1 f5 17. Qd1 g5 18. Nfe2 f4 19. exf4 gxf4 20. f3 Ng3 21. Ra2 Nh5
22. Kh2 Kh8 23. Ng1 Qg7 24. Re2 Rg8 25. Rbb2 Bd7 26. a4 Raf8 27. b5 axb5 28.
axb5 Nc8 29. bxc6 bxc6 30. Na4 Ng3 31. Rec2 Rf6 32. Nc5 Bxc5 33. dxc5 d4 34.
Bc4 Re8 35. Rb7 Re7 36. Bf2 Nf5 $11 37. Bxd4 Nxd4 38. Qxd4 Rg6 39. Qxg7+ Rexg7
40. Rd2 Be6 41. Rd8+ Rg8 42. Rxg8+ Bxg8 43. Bd3 Rg7 44. Rxg7 Kxg7 45. Ne2 Kf6
46. Be4 Ne7 47. Nxf4 Ke5 48. Nd3+ Kd4 49. Kg3 Bc4 50. Nf4 h6 51. Kh4 Kxc5 52.
Kh5 Ng8 53. Bh7 Bf7+ 54. Bg6 Ba2 55. Bf5 Bf7+ 56. Kh4 Kd6 57. g4 Ne7 58. Bc2
Ke5 59. Kg3 c5 60. Ne2 Bc4 61. f4+ Kf6 62. Nc3 Bd5 63. Ne4+ Bxe4 64. Bxe4 Nc8
65. h4 Nd6 66. Kf3 Nc4 67. g5+ Kg7 68. f5 Nd6 69. f6+ Kf7 70. Kf4 hxg5+ 71.
hxg5 Ne8 72. Ke5 c4 73. g6+ Kf8 74. Bc6 Nc7 75. Kd4 Ne6+ 76. Kxc4 Nf4 1-0

[Event "220th YMCA Autumn A"]
[Site "Warsaw"]
[Date "2019.11.01"]
[Round "7"]
[White "Choroszej, Aleksander"]
[Black "Liberadzki, Slawomir"]
[Result "1-0"]
[WhiteElo "2054"]
[BlackElo "1983"]
[PlyCount "81"]
[EventDate "2019.09.20"]
[EventType "tourn"]
[EventRounds "1"]
[EventCountry "POL"]
[SourceDate "2019.09.20"]

1. d4 d5 2. c4 e6 3. Nc3 dxc4 4. e4 c5 5. d5 exd5 6. exd5 Nf6 7. Bxc4 Bd6 8.
Qe2+ Qe7 9. Nb5 Qxe2+ 10. Nxe2 Ke7 11. Nxd6 Kxd6 12. Bf4+ Kd7 13. O-O a6 14. a4
b6 15. Ng3 Kd8 16. Rfe1 Bd7 17. Bg5 h6 18. Bxf6+ gxf6 19. Ne4 Re8 20. b3 f5 21.
Nd6 Rxe1+ 22. Rxe1 b5 23. Bd3 c4 24. bxc4 bxc4 25. Bxc4 Bxa4 26. Nxf7+ Kc7 27.
Nxh6 Bd7 28. Bd3 a5 29. Nxf5 a4 30. Ra1 a3 31. Ne3 Ra4 32. Bc2 Ra5 33. Nc4 Rxd5
34. Rxa3 Nc6 35. Ne3 Rc5 36. h4 Nd4 37. Be4 Rh5 38. g3 Re5 39. Bg2 Rb5 40. Rd3
Rb4 41. Nd5+ 1-0

[Event "220th YMCA Autumn A"]
[Site "Warsaw"]
[Date "2019.10.31"]
[Round "7"]
[White "Potocki, Karol"]
[Black "Tychulski, Krzysztof"]
[Result "1-0"]
[WhiteElo "1847"]
[BlackElo "1834"]
[PlyCount "153"]
[EventDate "2019.09.20"]
[EventType "tourn"]
[EventRounds "1"]
[EventCountry "POL"]
[SourceDate "2019.09.20"]

1. d4 Nf6 2. Nf3 g6 3. c4 Bg7 4. Nc3 O-O 5. Bg5 d6 6. e3 c5 7. Be2 cxd4 8. Nxd4
Nc6 9. O-O Bd7 10. Rc1 Rc8 11. h3 Qa5 12. f4 a6 13. a3 Nxd4 14. exd4 Be6 15. d5
Bd7 16. Kh2 b5 17. cxb5 axb5 18. Qb3 Rb8 19. Qb4 Qxb4 20. axb4 Rfc8 21. Rfd1
Kf8 22. g4 Ne8 23. Bd3 Bxc3 24. bxc3 f6 25. Bh4 Ra8 26. Be1 Ra2+ 27. Rc2 Rxc2+
28. Bxc2 Ra8 29. Bb3 Ra3 30. Rb1 f5 31. g5 Nc7 32. Bf2 e6 33. Bb6 Nxd5 34. Bxd5
exd5 35. Bd4 Kf7 36. Kg3 Be6 $11 37. h4 Ra2 38. Rh1 Ra8 39. h5 Ke7 40. hxg6
hxg6 41. Bf6+ Kf8 42. Rh7 Bf7 43. Kf3 Re8 44. Bd4 Re1 45. Rh8+ Bg8 46. Rh2 Rf1+
47. Kg3 Re1 48. Ra2 Bf7 49. Ra6 Ke7 50. Bf6+ Kf8 51. Rxd6 Re3+ 52. Kf2 Re6 53.
Rd7 Re4 54. Kf3 Re1 55. Rc7 Be8 56. Bg7+ Kg8 57. Bd4 Re6 58. Be5 Rc6 59. Rb7
Kf8 60. Ke3 Rc4 61. Kd3 Kg8 62. Rb8 Kf8 63. Rd8 Kf7 64. Rxd5 Bc6 65. Rd6 Be4+
66. Ke3 Rc6 67. Rd7+ Ke6 68. Rg7 Kd5 69. Rd7+ Kc4 70. Rd4+ Kb3 71. Rxe4 fxe4
72. Kxe4 Rc4+ 73. Bd4 Rc8 74. f5 gxf5+ 75. Kxf5 Kc4 76. g6 Kd5 77. g7 1-0

[Event "220th YMCA Autumn A"]
[Site "Warsaw"]
[Date "2019.10.29"]
[Round "7"]
[White "Derylo, Kamil"]
[Black "Matyszkiewicz, Wiktor"]
[Result "1-0"]
[WhiteElo "2020"]
[BlackElo "1844"]
[PlyCount "79"]
[EventDate "2019.09.20"]
[EventType "tourn"]
[EventRounds "1"]
[EventCountry "POL"]
[SourceDate "2019.09.20"]

1. d4 Nf6 2. Nf3 g6 3. c4 Bg7 4. e3 O-O 5. Be2 c5 6. d5 d6 7. Nc3 e6 8. O-O
exd5 9. cxd5 a6 10. a4 Nbd7 11. h3 Re8 12. Nd2 Rb8 13. Qc2 Nb6 14. e4 Na8 15.
Nc4 b5 16. axb5 axb5 17. Na5 Bd7 18. Bf4 Bf8 19. Bf3 b4 20. Nd1 Bb5 21. Nc4 Nb6
22. Nde3 Nxc4 23. Nxc4 b3 24. Qd3 Bxc4 25. Qxc4 Rb4 26. Qa6 Nxe4 27. Ra4 Rb6
28. Qa5 f5 29. Bxe4 fxe4 30. Re1 Bg7 31. Bg5 Qb8 32. Raxe4 Rxe4 33. Rxe4 Bxb2
34. Re7 Be5 35. Qa4 Rb5 36. Qg4 Qf8 37. Qe6+ Kh8 38. Re8 Kg7 39. Qd7+ Qf7 40.
Re7 1-0

[Event "220th YMCA Autumn A"]
[Site "Warsaw"]
[Date "2019.11.05"]
[Round "8"]
[White "Poniewierski, Piotr"]
[Black "Matyszkiewicz, Wiktor"]
[Result "1/2-1/2"]
[WhiteElo "1885"]
[BlackElo "1844"]
[PlyCount "150"]
[EventDate "2019.09.20"]
[EventType "tourn"]
[EventRounds "1"]
[EventCountry "POL"]
[SourceDate "2019.09.20"]

1. Nf3 Nf6 2. c4 g6 3. g3 Bg7 4. Bg2 O-O 5. Nc3 d5 6. cxd5 Nxd5 7. O-O c5 8.
Qb3 Nxc3 9. dxc3 Qc7 10. Bf4 e5 11. Be3 Nd7 12. Rad1 Rb8 13. Rd5 b6 14. Rfd1
Nf6 15. Rxe5 Ng4 16. Re4 Nxe3 17. Rxe3 Bh6 18. Re4 Be6 19. Rxe6 fxe6 20. Qxe6+
Qf7 21. Qh3 Bg7 22. Ng5 Qxf2+ 23. Kh1 h6 24. Qe6+ Kh8 25. Qxg6 Qf5 26. Qxf5
Rxf5 27. Ne6 Re8 28. Nf4 Be5 29. Ng6+ Kg7 30. Be4 Rf7 31. Nh4 Bxc3 32. Bg6 Bxb2
33. Bxf7 Kxf7 34. Rd2 Bc1 35. Rc2 Bg5 36. Nf3 Be3 37. Kg2 Ke6 38. g4 Kd5 39.
Nh4 Re4 40. Kf3 h5 41. h3 hxg4+ 42. hxg4 Bg5 43. Nf5 Rf4+ 44. Kg3 Ra4 45. Kf3
Rf4+ 46. Kg3 Rf1 47. Kg2 Rc1 48. Ne7+ Ke4 49. Rxc1 Bxc1 50. Kf2 Bd2 51. Nf5 Kf4
52. e3+ Ke5 53. Ke2 Bb4 54. Ne7 a5 55. Nc8 b5 56. Na7 c4 57. Nxb5 Ke4 58. Nd4
Be7 59. Nc6 Bg5 60. Nxa5 c3 $11 61. Nc4 c2 62. Kd2 c1=Q+ 63. Kxc1 Kd3 64. Ne5+
Kxe3 65. Nf7 Bf4 66. g5 Ke4+ 67. Kc2 Kf5 68. Kd3 Bc7 69. Kd4 Kg6 $11 70. Ne5+
Kxg5 71. Nd7 Kf5 72. Kd5 Ba5 73. a4 Be1 74. Nc5 Kf6 75. Kc6 Ke7 1/2-1/2

[Event "220th YMCA Autumn A"]
[Site "Warsaw"]
[Date "2019.11.07"]
[Round "8"]
[White "Liberadzki, Slawomir"]
[Black "Potocki, Karol"]
[Result "1-0"]
[WhiteElo "1983"]
[BlackElo "1847"]
[PlyCount "59"]
[EventDate "2019.09.20"]
[EventType "tourn"]
[EventRounds "1"]
[EventCountry "POL"]
[SourceDate "2019.09.20"]

1. c4 Nf6 2. Nf3 e6 3. b3 d5 4. Bb2 c5 5. cxd5 exd5 6. g3 Nc6 7. Bg2 Be7 8. O-O
O-O 9. d4 h6 10. Nc3 Be6 11. e3 Rc8 12. dxc5 Bxc5 13. Nb5 Ne4 14. Nbd4 Bg4 15.
h3 Bh5 16. g4 Bg6 17. Rc1 Nb4 18. Ne5 Nxa2 19. Nxg6 Nxc1 20. Nxf8 Bxd4 21. Bxc1
Bc5 22. Bxe4 dxe4 23. Nd7 Qh4 24. Nxc5 Rxc5 25. Kg2 h5 26. Ba3 hxg4 27. hxg4
Rg5 28. Bd6 Rxg4+ 29. Bg3 Rg6 30. Qd7 1-0